| 000 | 01256nam a22002897a 4500 | ||
|---|---|---|---|
| 003 | OSt | ||
| 005 | 20250506093640.0 | ||
| 007 | cr ||||||a|c|a | ||
| 008 | 221111s2020 m od||fom||| 001 0 spa d | ||
| 040 | _erda | ||
| 100 | 1 |
_9131721 _aAlfaro Martínez, Liliana Guadalupe |
|
| 245 | 1 |
_aProducción orgánica de tuna (Opuntia albicarpa Scheinvar), en San Martín de las pirámides y Axapusco, Estado de México / _cLiliana Guadalupe Alfaro Martínez; director de tesis Clemente Gallegos Vázquez |
|
| 264 | 1 |
_aChapingo, México : _bEl autor, _c2020. |
|
| 300 | _a1 recurso en línea (116 páginas) | ||
| 336 |
_2rdacontent _atexto _btxt |
||
| 337 |
_2rdamedia _acomputadora _bc |
||
| 338 |
_2rdacarrier _arecurso en línea _bcr |
||
| 502 |
_bMCDRR _cCentros Regionales _d2020. _gMAE |
||
| 504 | _aIncluye referencias bibliográficas: páginas 93-106 | ||
| 650 | 7 |
_9115572 _aTuna _zMéxico (Edo.) |
|
| 650 | 4 |
_9115548 _aTuna _xCostos de producción |
|
| 650 | 4 |
_9115559 _aTuna _xMercadeo |
|
| 650 | 4 |
_9115546 _aTuna _xCalidad |
|
| 700 | 1 |
_aGallegos Vázquez, Clemente _eDirector de tesis _944424 |
|
| 856 |
_uhttp://10.13.5.2/tesis/tm/2020_CR_Alfaro_Martinez_LilianaGuadalupe.pdf _zDESCARGAR PDF |
||
| 942 |
_2Clasificación Universidad Autónoma Chapingo _cTD |
||
| 999 |
_c217781 _d217781 |
||